|
|
|
|
| LEADER |
00000nam a2200000 a 4500 |
| 005 |
20120918161949.0 |
| 007 |
cr|||| |||| |
| 008 |
120702s2012 spc|||| |||| 0|0 0 spa| |
| 017 |
|
|
|a DL B. 12130-2012
|b Biblioteca de Catalunya
|
| 020 |
|
|
|a 9788476989210
|
| 035 |
|
|
|a 6684
|
| 040 |
|
|
|a ES-BaBC
|b cat
|c ES-BaBC
|d vLex
|
| 043 |
|
|
|a e-sp---
|
| 080 |
|
|
|a 336.2.027(460)
|
| 090 |
|
|
|c 3435
|d 3435
|
| 100 |
1 |
|
|a Lizanda, Jos ̌Manuel
|
| 245 |
1 |
0 |
|a Contabilidad y fiscalidad de las combinaciones de negocios y otras operaciones societarias
|h [Recurso electrn̤ico] :
|b incluye supuestos prc̀ticos /
|c Jos ̌Manuel Lizanda Cuevas, Carlos Abad Llavori
|
| 256 |
|
|
|a Servicio en ln̕ea
|
| 260 |
|
|
|a Barcelona :
|b Bosch :
|b ESADE, Facultad de Derecho, Universidad Ramon Llull :
|b ACCID, Associaci ̤Catalana de Comptabilitat i Direcci,̤
|c 2012
|
| 300 |
|
|
|a 1 recurso electrn̤ico
|
| 490 |
1 |
|
|a Coleccin̤ de formacin̤ continua. Serie manuales y monografa̕s ;
|v 3
|
| 506 |
1 |
|
|a Contenido solo disponible en los productos indicados
|d vLex Global
|d vLex Global (Academic Edition, excluding Law Schools)
|d vLex Global (U.S. Academic Edition, Law Schools)
|d vLex Global (U.S. Academic Edition, excluding Law Schools)
|d vLex Global (Academic Edition, Law Schools)
|
| 650 |
0 |
4 |
|a Derecho fiscal
|z Espaą
|
| 650 |
0 |
4 |
|a Contabilidad
|
| 650 |
0 |
4 |
|a Empresas
|x Impuestos
|z Espaą
|
| 700 |
1 |
|
|a Abad Llavori, Carlos Manuel
|
| 710 |
2 |
|
|a Escola Superior d'Administraci ̤i Direcci ̤d'Empreses
|
| 710 |
2 |
|
|a Associaci ̤Catalana de Comptabilitat i Direcci̤
|
| 740 |
0 |
|
|a vLex Libros (Servicio en ln̕ea)
|
| 830 |
|
0 |
|a Coleccin̤ de formacin̤ continua.
|p Serie manuales y monografa̕s ;
|v 3
|
| 856 |
4 |
0 |
|u http://vlex.com/source/contabilidad-fiscalidad-combinaciones-negocios-otras-operaciones-societarias-6684
|z Acceso restringido
|
| 942 |
|
|
|c BOOK
|
| 999 |
0 |
|
|a Accounting
|
| 999 |
0 |
|
|a Business enterprises
|